|
|
|
|
| LEADER |
00986nam a2200325 4500 |
| 001 |
DLU090069938 |
| 005 |
##20090521 |
| 040 |
# |
# |
|a DLU
|b eng
|
| 041 |
# |
# |
|a eng
|
| 044 |
# |
# |
|a US
|
| 100 |
# |
# |
|a Mezei, Kathy.
|
| 245 |
# |
# |
|a Spinsters, surveillance, and speech : The case of miss Marple, miss Mole, and miss Jekyll /
|c Kathy Mezei.
|
| 653 |
# |
# |
|a Christie, Agatha, 1890-1976
|
| 653 |
# |
# |
|a Domestic novel
|
| 653 |
# |
# |
|a Focalization
|
| 653 |
# |
# |
|a Inter-war novel
|
| 653 |
# |
# |
|a Narrative ambiguity
|
| 653 |
# |
# |
|a Single women in literature
|
| 653 |
# |
# |
|a Spinsters
|
| 653 |
# |
# |
|a Young, Emily Hilda, 1880-1949
|
| 773 |
# |
# |
|t Journal of Modern Literature
|g Vol. 30, no. 2 (Winter 2007), p. 103-120
|
| 920 |
# |
# |
|a Phòng Tạp chí -- Trung tâm Thông tin - Thư viện Trường Đại học Đà Lạt
|
| 994 |
# |
# |
|a DLU
|
| 900 |
# |
# |
|a True
|
| 911 |
# |
# |
|a Trương Bảo Trâm Anh
|
| 925 |
# |
# |
|a G
|
| 926 |
# |
# |
|a A
|
| 927 |
# |
# |
|a BB
|
| 980 |
# |
# |
|a Thư viện Trường Đại học Đà Lạt
|